Exploding Net Errors and Omissions as a Capital Flight Phenomenon: <The> Case of Slovakia
Empirické skúmanie determinantov čistých chýb a opomenutí (NEO) Slovenska v období rokov 1997 - 2014 s dôrazom na časové obdobie 2008 - 2014, keď bol pozorovaný výrazný pokles v časových radoch NEO.
Salvato in:
| Autore principale: | |
|---|---|
| Altri autori: | |
| Natura: | Capitolo di libro |
| Lingua: | inglese |
| Soggetti: | |
| Tags: |
Nessun Tag, puoi essere il primo ad aggiungerne!!
|
MARC
| LEADER | 00000nla a2200000 4500 | ||
|---|---|---|---|
| 001 | 0245446 | ||
| 005 | 20240502083654.0 | ||
| 041 | 0 | |a eng | |
| 044 | |a GB | ||
| 245 | 1 | 0 | |a Exploding Net Errors and Omissions as a Capital Flight Phenomenon: <The> Case of Slovakia |c Mária Širaňová, Menbere Workie Tiruneh |
| 520 | |a Empirické skúmanie determinantov čistých chýb a opomenutí (NEO) Slovenska v období rokov 1997 - 2014 s dôrazom na časové obdobie 2008 - 2014, keď bol pozorovaný výrazný pokles v časových radoch NEO. | ||
| 610 | 2 | 0 | |a financie medzinárodné |
| 610 | 2 | 0 | |a účty bežné |
| 610 | 2 | 0 | |a kapitál finančný |
| 610 | 2 | 0 | |a rovnováha finančná |
| 610 | 2 | 0 | |a rady časové |
| 610 | 2 | 0 | |a makroekonomika |
| 100 | 1 | |a Širaňová, Mária | |
| 700 | 1 | |a Workie Tiruneh, Menbere | |